000
00312nam a2200145Ia 4500
100
_a
Rao/P.N
490
_v
1
942
_c
BK
366
_f
25
654
_a
manufacturing technology
245
_a
Manufacturing technology vol.1 :Foundry
260
_b
Mc Graw Hill
_c
2009
300
_a
502
546
_a
ENGLISH
999
_c
21076
_d
21076